000 00490nam a2200157 i 4500
001 52727
003 ES-MaACL
005 20230906162633.0
007 t|
008 030903s1971 gw ||||1| spa d
100 1 _aDecamilli, José Leopoldo.
_943149
245 1 0 _aDesarrollo y subdesarrollo en Hispanoamérica /
_cJosé Leopoldo Decamilli.
260 _aBerlín :
_bCírculo Cultural Germano-Iberoamericano,
_c[1971]
300 _a304 p. ;
_c21 cm.
852 _aES-MaACL
_jC-38996
_bR.79225
999 _c52727
_d52727